Práca v zahraničí - Belgicko

Užitočné rady a informácie ako žiť a pracovať v Belgicku. Práva a povinnosti.

Gespeichert in:
Bibliographische Detailangaben
1. Verfasser: Bačová, Mária
Format: Buchkapitel
Sprache:Slowakisch
Schlagworte:
Tags: Tag hinzufügen
Keine Tags, Fügen Sie das erste Tag hinzu!

MARC

LEADER 00000naa a2200000 4500
001 0217250
005 20231109105837.6
041 0 |a slo 
044 |a SK 
245 1 0 |a Práca v zahraničí - Belgicko  |c Mária Bačová 
520 |a Užitočné rady a informácie ako žiť a pracovať v Belgicku. Práva a povinnosti. 
610 2 0 |a Belgicko 
610 2 0 |a zamestnanie 
610 2 0 |a politika sociálna 
610 2 0 |a zabezpečenie dôchodkové 
610 2 0 |a zabezpečenie sociálne 
610 2 0 |a politika zamestnanosti 
100 1 |a Bačová, Mária